000 00477nam a2200193Ia 4500
003 OSt
005 20230323093649.0
008 210210b1914 xxu||||| |||| 00| 0 eng d
040 _cAL
041 _aeng
082 _a543/122
100 _aMELLOR (J W)
_976798
245 _aIntroduction to modern inorganic chemistry
260 _aLondon
_bLongman Green & Co Ltd.,
_c1914
300 _a684
690 _aInorganic Chemistry
_976799
906 _a009534
942 _2ddc
_cBK
999 _c126985
_d126985